| 000 | 00361nam a2200157Ia 4500 | ||
|---|---|---|---|
| 100 | _aCarroll/Douglas R | ||
| 650 | _aCar design | ||
| 942 | _cRB | ||
| 366 | _f25 | ||
| 245 | _aThe Winning solar Car:A design guide for Salar race car teams | ||
| 260 |
_bSAE _c2003 |
||
| 082 |
_a621.471 _bCAR |
||
| 300 | _a375 | ||
| 546 |
_aENGLISH _cInfo.Tech |
||
| 999 |
_c27303 _d27303 |
||